000 01439nam0a2200325 i 4500
001 RU\NLR\BIBL_A\011008703
005 20260409070749.0
010 _a9785906821270
_9300
021 _aRU
_b2016-12965
_9835
035 _a(NILC)RuMoRGB-008149431
035 _a(NLR Aleph) 011008703
090 _a11010484
_c11010483
100 _a20160314d2015 km y0rusy50 ca
101 0 _arus
102 _aRU
105 _aac j 000yy
200 1 _aРазвитие диалогической речи детей старшего дошкольного возраста в группах с крымскотатарским языком обучения
_eучебное пособие
_fЯяева Наэле Миметовна
210 _aСимферополь
_cДиайпи
_d2015
215 _a186, [1] с.
_cил., портр.
_d21
320 _aБиблиогр.: с. 168-177 (106 назв.)
606 _aДошкольники
_xРазвитие речи
_jУчебные издания
_3RU\NLR\AUTH\66356888
_9957151
606 1 _aДошкольники
_jУчебные издания
_xОбучение крымско-татарскому языку
_92277274
_3RU\NLR\AUTH\6601593079
686 1 _aЧ411.382.11я7
686 1 _aЧ411.382.1я7
700 1 _aЯяева
_bН. М.
_gНаэле Миметовна
801 0 _aRU
_bРГБ
_c20160217
_gRCR
942 _cBOOK
980 _aNBR